[Event "2. Bundesliga Mitte 2012/2013"]
[Site "St. Veit/Glan"]
[Date "2013.03.24"]
[Round "8"]
[Board "6"]
[White "Lautner, Josef"]
[Black "Spindelboeck, Gernot"]
[Result "0-1"]
[WhiteElo "2193"]
[BlackElo "2233"]
[PlyCount "48"]
[EventDate "2012.10.19"]
[EventType "team"]
[EventRounds "11"]
[EventCountry "AUT"]
[WhiteTeam "Spg. Sauwald"]
[BlackTeam "ESV Austria Graz"]

1. d4 Nf6 2. c4 e6 3. Nf3 b6 4. e3 Bb7 5. Bd3 d5 6. O-O Bd6 7. Nc3 O-O 8. b3
Nbd7 9. Bb2 a6 10. Qc2 c5 11. cxd5 exd5 12. Rfd1 Qe7 13. Bf5 Rac8 14. Ne5 Nxe5
15. dxe5 Qxe5 16. Kf1 Qxh2 17. Ke2 Qh5+ 18. Kd2 Qg5 19. Rh1 h6 20. Bxc8 Rxc8
21. Ne2 Ne4+ 22. Ke1 Qxg2 23. Rg1 Qxf2+ 24. Kd1 f6 0-1

[Event "2. Bundesliga Mitte 2012/2013"]
[Site "Fuerstenfeld"]
[Date "2013.04.19"]
[Round "9"]
[Board "1"]
[White "Kozul, Zdenko"]
[Black "Freitag, Manfred"]
[Result "1-0"]
[WhiteElo "2621"]
[BlackElo "2385"]
[PlyCount "59"]
[EventDate "2012.10.19"]
[EventType "team"]
[EventRounds "11"]
[EventCountry "AUT"]
[WhiteTeam "Schachverein Wolfsberg"]
[BlackTeam "ESV Austria Graz"]

1. d4 Nf6 2. Nf3 g6 3. c4 Bg7 4. Nc3 d5 5. cxd5 Nxd5 6. e4 Nxc3 7. bxc3 c5 8.
Rb1 O-O 9. Be2 cxd4 10. cxd4 Qa5+ 11. Bd2 Qxa2 12. O-O b6 13. Qc1 Bb7 14. Bc4
Qa4 15. Bb5 Qa2 16. Re1 Rc8 17. Qd1 e6 18. Ba4 Nc6 19. d5 exd5 20. Bb3 Qa3 21.
exd5 Nd4 22. Nxd4 Bxd4 23. Bg5 Qc5 24. Be7 Bxf2+ 25. Kh1 Re8 26. Bxc5 Rxe1+ 27.
Qxe1 Bxe1 28. Be7 Ba5 29. d6 Kg7 30. Bd1 {and Flag!} 1-0

[Event "2. Bundesliga Mitte 2012/2013"]
[Site "Fuerstenfeld"]
[Date "2013.04.19"]
[Round "9"]
[Board "2"]
[White "Karner, Christoph"]
[Black "Stevic, Hrvoje"]
[Result "0-1"]
[WhiteElo "2304"]
[BlackElo "2616"]
[PlyCount "56"]
[EventDate "2012.10.19"]
[EventType "team"]
[EventRounds "11"]
[EventCountry "AUT"]
[WhiteTeam "ESV Austria Graz"]
[BlackTeam "Schachverein Wolfsberg"]

1. d4 Nc6 2. c4 e5 3. d5 Nce7 4. e4 Ng6 5. Be3 Bb4+ 6. Nd2 Nf6 7. f3 Qe7 8. Ne2
O-O 9. Qb3 c6 10. Ng3 Re8 11. Nf5 Qf8 12. O-O-O Bc5 13. h4 Bxe3 14. Qxe3 d6 15.
dxc6 bxc6 16. h5 Nf4 17. g3 N4xh5 18. Qg5 Bxf5 19. exf5 h6 20. Qh4 d5 21. Be2
Rab8 22. Nb3 a5 23. c5 Rb4 24. f4 a4 25. Na1 Qxc5+ 26. Nc2 Reb8 27. Bxh5 Rxb2
28. Rh2 Qc3 0-1

[Event "2. Bundesliga Mitte 2012/2013"]
[Site "Fuerstenfeld"]
[Date "2013.04.19"]
[Round "9"]
[Board "3"]
[White "Jovanovic, Zoran"]
[Black "Fahrner, Kurt"]
[Result "1-0"]
[WhiteElo "2516"]
[BlackElo "2378"]
[PlyCount "129"]
[EventDate "2012.10.19"]
[EventType "team"]
[EventRounds "11"]
[EventCountry "AUT"]
[WhiteTeam "Schachverein Wolfsberg"]
[BlackTeam "ESV Austria Graz"]

1. e4 e5 2. Nf3 Nc6 3. Bc4 Bc5 4. O-O Nf6 5. d3 O-O 6. Bb3 Re8 7. c3 h6 8. h3
a6 9. Be3 Bf8 10. c4 b5 11. Nc3 bxc4 12. dxc4 Na5 13. Nd2 Nxb3 14. Qxb3 d6 15.
Rad1 Nd7 16. Qc2 Bb7 17. b4 Be7 18. Nb3 Bg5 19. Rfe1 Rc8 20. c5 Nb8 21. Na5 Ba8
22. Qa4 Re6 23. Nd5 dxc5 24. Bxc5 Qe8 25. Qxe8+ Rexe8 26. Be3 Nc6 27. Nb3 Be7
28. a3 Bd6 29. Rc1 Nd8 30. Nb6 Rb8 31. Nxa8 Rxa8 32. Rc4 Nb7 33. a4 Reb8 34.
Rec1 Kf8 35. g3 Ke8 36. Kg2 Nd8 37. Bd2 Ne6 38. Na5 Nd4 39. Kf1 Rb6 40. Bc3 Ne6
41. Nc6 f6 42. Bd2 Nd8 43. Be3 Rxc6 44. Rxc6 Nxc6 45. Rxc6 Kd7 46. Rc4 Rb8 47.
Bd2 Rc8 48. Ke2 c5 49. bxc5 Rxc5 50. Kd3 Kc6 51. g4 Rxc4 52. Kxc4 Bc5 53. f3
Bd6 54. Be3 g5 55. Bf2 Be7 56. h4 Bf8 57. Be1 Bd6 58. h5 Bf8 59. Ba5 Be7 60.
Kc3 Kd7 61. Kb3 Bd8 62. Bb4 a5 63. Bf8 Ke8 64. Bc5 Be7 65. Kc4 1-0

[Event "2. Bundesliga Mitte 2012/2013"]
[Site "Fuerstenfeld"]
[Date "2013.04.19"]
[Round "9"]
[Board "4"]
[White "Ebner, Hubert"]
[Black "Steflitsch, Erich"]
[Result "1/2-1/2"]
[WhiteElo "2222"]
[BlackElo "2382"]
[PlyCount "59"]
[EventDate "2012.10.19"]
[EventType "team"]
[EventRounds "11"]
[EventCountry "AUT"]
[WhiteTeam "ESV Austria Graz"]
[BlackTeam "Schachverein Wolfsberg"]

1. d4 Nf6 2. Nf3 d5 3. c4 e6 4. g3 dxc4 5. Bg2 c5 6. O-O Nc6 7. Qa4 Bd7 8. Qxc4
b5 9. Qd3 Rc8 10. dxc5 Bxc5 11. Nc3 Nb4 12. Qd1 Bc6 13. Qxd8+ Rxd8 14. Bg5 h6
15. Bxf6 gxf6 16. Rfc1 Bb6 17. a3 Na6 18. Ne1 Bxg2 19. Kxg2 Nc5 20. Rd1 a6 21.
Rxd8+ Kxd8 22. b4 Nd7 23. a4 Bd4 24. Ra3 Bxc3 25. Rxc3 bxa4 26. Rc6 Nb8 27. Rc5
Nd7 28. Rc6 Nb8 29. Rc5 Nd7 30. Rc6 1/2-1/2

[Event "2. Bundesliga Mitte 2012/2013"]
[Site "Fuerstenfeld"]
[Date "2013.04.19"]
[Round "9"]
[Board "5"]
[White "Reichmann, Egon"]
[Black "Spindelboeck, Gernot"]
[Result "1/2-1/2"]
[WhiteElo "2269"]
[BlackElo "2233"]
[PlyCount "63"]
[EventDate "2012.10.19"]
[EventType "team"]
[EventRounds "11"]
[EventCountry "AUT"]
[WhiteTeam "Schachverein Wolfsberg"]
[BlackTeam "ESV Austria Graz"]

1. d4 Nf6 2. Nf3 e6 3. c4 b6 4. g3 Ba6 5. b3 Bb4+ 6. Bd2 Be7 7. Bg2 O-O 8. O-O
c6 9. Bc3 d5 10. Nbd2 Nbd7 11. Re1 Bb7 12. e4 dxe4 13. Nxe4 Nxe4 14. Rxe4 Nf6
15. Re2 c5 16. Qe1 cxd4 17. Nxd4 Bxg2 18. Kxg2 Qc7 19. Rd1 Rad8 20. Nf5 Rxd1
21. Nxe7+ Qxe7 22. Qxd1 Rd8 23. Rd2 Rxd2 24. Bxd2 h6 25. Bc3 e5 26. Qe2 e4 27.
Bxf6 gxf6 28. Qg4+ Kf8 29. Qf4 Kg7 30. Qg4+ Kf8 31. Qh5 Kg7 32. Qg4+ 1/2-1/2

[Event "2. Bundesliga Mitte 2012/2013"]
[Site "Fuerstenfeld"]
[Date "2013.04.19"]
[Round "9"]
[Board "1"]
[White "Tratar, Marko"]
[Black "Horvath, Tamas"]
[Result "1/2-1/2"]
[WhiteElo "2508"]
[BlackElo "2390"]
[PlyCount "110"]
[EventDate "2012.10.19"]
[EventType "team"]
[EventRounds "11"]
[EventCountry "AUT"]
[WhiteTeam "Schachclub MPOE Maria Saal"]
[BlackTeam "RbEJ Gleisdorf"]

1. d4 Nf6 2. c4 e6 3. Nf3 Bb4+ 4. Bd2 Qe7 5. g3 Nc6 6. Nc3 Bxc3 7. Bxc3 Ne4 8.
Rc1 d6 9. d5 Nxc3 10. Rxc3 Nd8 11. Bg2 O-O 12. O-O Bd7 13. Nd2 c6 14. Ne4 exd5
15. cxd5 Bf5 16. Re3 Qc7 17. dxc6 Bxe4 18. Bxe4 bxc6 19. Qc2 g6 20. Rc3 Rc8 21.
Rc1 Qe7 22. e3 Qe6 23. a3 d5 24. Bg2 Re8 25. b4 Rb8 26. Rc5 Qf6 27. Qa4 Re7 28.
Rd1 Qb2 29. Bf1 Kg7 30. Rc2 Qe5 31. Qa5 Rb6 32. Rdc1 h5 33. h4 g5 34. hxg5 Qxg5
35. Qc5 Ne6 36. Qc3+ f6 37. Bh3 h4 38. f4 Qh6 39. Rg2 Kf8 40. Bxe6 Rxe6 41. g4
Rb7 42. Rf1 Rg7 43. Qc5+ Rge7 44. g5 Qg7 45. gxf6 Qxf6 46. f5 Rxe3 47. b5 Qc3
48. Qxc3 Rxc3 49. bxc6 Rg7 50. Rxg7 Kxg7 51. Rd1 Rxc6 52. Rxd5 Kf6 53. Ra5 a6
54. Kg2 Kg5 55. Kh3 Rc3+ 1/2-1/2

[Event "2. Bundesliga Mitte 2012/2013"]
[Site "Fuerstenfeld"]
[Date "2013.04.19"]
[Round "9"]
[Board "2"]
[White "Degtiarev, Evgeny"]
[Black "Schachinger, Mario"]
[Result "1-0"]
[WhiteElo "2378"]
[BlackElo "2426"]
[PlyCount "115"]
[EventDate "2012.10.19"]
[EventType "team"]
[EventRounds "11"]
[EventCountry "AUT"]
[WhiteTeam "RbEJ Gleisdorf"]
[BlackTeam "Schachclub MPOE Maria Saal"]

1. d4 Nf6 2. c4 e6 3. Nc3 Bb4 4. Qb3 c5 5. e3 O-O 6. Bd2 b6 7. Nf3 Nc6 8. dxc5
bxc5 9. Rd1 Rb8 10. Qc2 Qe7 11. Be2 Rd8 12. O-O d5 13. a3 d4 14. exd4 cxd4 15.
axb4 Nxb4 16. Qb3 dxc3 17. Bxc3 Rxd1 18. Rxd1 Nc6 19. Qc2 Bd7 20. Ne5 Be8 21.
Bf3 Rc8 22. Nd3 Rd8 23. Nf4 Rxd1+ 24. Qxd1 e5 25. Nd5 Nxd5 26. Bxd5 Nb4 27. Be4
f6 28. h3 a5 29. b3 Bg6 30. Bxb4 axb4 31. Bxg6 hxg6 32. Qd5+ Kf8 33. c5 Qa7 34.
Qd6+ Ke8 35. Kh2 g5 36. Qe6+ Qe7 37. Qc4 e4 38. Qxb4 Qe5+ 39. Kh1 Qa1+ 40. Kh2
Qe5+ 41. g3 e3 42. Qb5+ Kf8 43. Qe2 Qxc5 44. Qxe3 Qb4 45. Qe6 Qc5 46. Kg2 Qb4
47. Kg1 Qa3 48. Qc8+ Kf7 49. Qb7+ Kg6 50. b4 Qb3 51. b5 f5 52. b6 f4 53. gxf4
gxf4 54. Qe4+ Kg5 55. b7 Qd1+ 56. Kg2 Qd6 57. Qc4 Kh4 58. Qe2 1-0

[Event "2. Bundesliga Mitte 2012/2013"]
[Site "Fuerstenfeld"]
[Date "2013.04.19"]
[Round "9"]
[Board "3"]
[White "Hartl, Daniel"]
[Black "Wegerer, Fred"]
[Result "1-0"]
[WhiteElo "2275"]
[BlackElo "2194"]
[PlyCount "119"]
[EventDate "2012.10.19"]
[EventType "team"]
[EventRounds "11"]
[EventCountry "AUT"]
[WhiteTeam "Schachclub MPOE Maria Saal"]
[BlackTeam "RbEJ Gleisdorf"]

1. d4 Nf6 2. c4 e6 3. Nf3 Nc6 4. g3 a6 5. Bg2 Bb4+ 6. Bd2 O-O 7. O-O Bxd2 8.
Nbxd2 Rb8 9. Rc1 d6 10. Qc2 Bd7 11. e4 e5 12. d5 Ne7 13. c5 Ne8 14. Qb3 h6 15.
Nc4 Bb5 16. Nfd2 dxc5 17. a4 Bxc4 18. Qxc4 b6 19. Qxa6 Ra8 20. Qc4 Nd6 21. Qc2
Qd7 22. b3 f6 23. Qc3 g5 24. b4 cxb4 25. Qxc7 Qxc7 26. Rxc7 Nec8 27. Bh3 Rxa4
28. Rfc1 Ra2 29. Nb3 Na7 30. Re7 Nab5 31. f4 Rb2 32. Rf1 exf4 33. Nc1 fxg3 34.
hxg3 Nd4 35. Be6+ Kh8 36. e5 Ne4 37. Bf5 Nxg3 38. Rh7+ Kg8 39. e6 Ndxf5 40. e7
Nxf1 41. Rh8+ Kxh8 42. exf8=Q+ Kh7 43. Qxf6 N1e3 44. Qxb2 Nxd5 45. Nd3 g4 46.
Qe5 Nde3 47. Nxb4 Kg6 48. Nd5 Nxd5 49. Qxd5 h5 50. Qe6+ Kg5 51. Qxb6 h4 52. Kg2
Ng3 53. Qd8+ Kh5 54. Qf6 Ne4 55. Qe5+ Ng5 56. Qh8+ Kg6 57. Qxh4 Kf5 58. Qh5 Kf4
59. Qh6 Kf5 60. Qf8+ 1-0

[Event "2. Bundesliga Mitte 2012/2013"]
[Site "Fuerstenfeld"]
[Date "2013.04.19"]
[Round "9"]
[Board "4"]
[White "Watzka, Horst"]
[Black "Halvax, Georg"]
[Result "1/2-1/2"]
[WhiteElo "2259"]
[BlackElo "2282"]
[PlyCount "49"]
[EventDate "2012.10.19"]
[EventType "team"]
[EventRounds "11"]
[EventCountry "AUT"]
[WhiteTeam "RbEJ Gleisdorf"]
[BlackTeam "Schachclub MPOE Maria Saal"]

1. e4 e5 2. Nf3 Nc6 3. Nc3 Nf6 4. d4 exd4 5. Nxd4 Bb4 6. Nxc6 bxc6 7. Bd3 d5 8.
exd5 cxd5 9. O-O O-O 10. h3 c6 11. Bf4 Bd6 12. Qf3 Rb8 13. b3 Qc7 14. Ne2 Re8
15. c4 Ba6 16. Rac1 Bxf4 17. Nxf4 Qa5 18. cxd5 Bxd3 19. Nxd3 cxd5 20. Rc2 h6
21. Rfc1 Re7 22. Rc8+ Re8 23. R8c2 Re7 24. Rc8+ Re8 25. R8c2 1/2-1/2

[Event "2. Bundesliga Mitte 2012/2013"]
[Site "Fuerstenfeld"]
[Date "2013.04.19"]
[Round "9"]
[Board "1"]
[White "Pilaj, Herwig"]
[Black "Flumbort, Andras"]
[Result "0-1"]
[WhiteElo "2345"]
[BlackElo "2492"]
[PlyCount "82"]
[EventDate "2012.10.19"]
[EventType "team"]
[EventRounds "11"]
[EventCountry "AUT"]
[WhiteTeam "SC Die Klagenfurter"]
[BlackTeam "ASK St. Valentin"]

1. c4 c5 2. Nc3 g6 3. g3 Bg7 4. Bg2 Nc6 5. d3 d6 6. e3 Qd7 7. Nge2 b6 8. O-O
Bb7 9. b3 Nh6 10. d4 cxd4 11. exd4 Nf5 12. d5 Na5 13. Bd2 O-O 14. Rc1 Rac8 15.
Nb5 a6 16. Na7 Ra8 17. Bxa5 bxa5 18. Nc6 Bxc6 19. dxc6 Qc7 20. c5 Rfd8 21. cxd6
Rxd6 22. Qc2 Nd4 23. Nxd4 Bxd4 24. Qc4 Qb6 25. Rb1 Rf6 26. Kh1 Bxf2 27. Rbd1
Rc8 28. Rd7 Qb5 29. Qc2 Rcxc6 30. Qd2 Bb6 31. Re1 Rce6 32. Rd1 Kg7 33. Rb7 Rd6
34. Qc2 Rf2 35. Qc3+ Bd4 36. Rxb5 Bxc3 37. Rxd6 axb5 38. Rd5 Rxa2 39. Bf1 a4
40. Rxb5 Ra1 41. Kg2 a3 0-1

[Event "2. Bundesliga Mitte 2012/2013"]
[Site "Fuerstenfeld"]
[Date "2013.04.19"]
[Round "9"]
[Board "2"]
[White "Gonda, Laszlo"]
[Black "Wertjanz, David"]
[Result "1-0"]
[WhiteElo "2528"]
[BlackElo "2259"]
[PlyCount "53"]
[EventDate "2012.10.19"]
[EventType "team"]
[EventRounds "11"]
[EventCountry "AUT"]
[WhiteTeam "ASK St. Valentin"]
[BlackTeam "SC Die Klagenfurter"]

1. d4 Nf6 2. c4 e6 3. Nf3 b6 4. g3 Ba6 5. Nbd2 d5 6. cxd5 exd5 7. Ne5 Bd6 8.
Bg2 O-O 9. Ndc4 Bb4+ 10. Bd2 Bxd2+ 11. Nxd2 c5 12. Ndf3 cxd4 13. Nxd4 Qd6 14.
Nd3 Nbd7 15. O-O g6 16. Nf4 Bb7 17. Nb5 Qb4 18. Qb3 Qxb3 19. axb3 g5 20. Nd3 a5
21. b4 Ne4 22. Rfd1 Rfd8 23. Rac1 axb4 24. Nxb4 Ra5 25. Nxd5 Rxb5 26. Bxe4 Kg7
27. Nc3 1-0

[Event "2. Bundesliga Mitte 2012/2013"]
[Site "Fuerstenfeld"]
[Date "2013.04.19"]
[Round "9"]
[Board "5"]
[White "Singer, Hans"]
[Black "Theuretzbacher, Klaus"]
[Result "0-1"]
[WhiteElo "2229"]
[BlackElo "2234"]
[PlyCount "60"]
[EventDate "2012.10.19"]
[EventType "team"]
[EventRounds "11"]
[EventCountry "AUT"]
[WhiteTeam "SC Die Klagenfurter"]
[BlackTeam "ASK St. Valentin"]

1. d4 Nf6 2. c4 e6 3. Nf3 c5 4. d5 b5 5. a4 b4 6. Bg5 d6 7. Nbd2 Be7 8. g3 e5
9. Bg2 O-O 10. e4 Nxd5 11. cxd5 Bxg5 12. Nc4 Bh6 13. Nfd2 Ba6 14. Bf1 g6 15.
Bd3 Qc7 16. Qe2 Bc8 17. h4 Nd7 18. h5 Bg7 19. Ne3 c4 20. Bxc4 Nc5 21. b3 a6 22.
Rc1 Ra7 23. g4 Bf6 24. f3 Bg5 25. Rc2 Qb6 26. Ndf1 Rc7 27. Qd1 Nxe4 28. fxe4
Bxe3 29. Qf3 Bf4 30. Ng3 Bxg4 0-1

[Event "2. Bundesliga Mitte 2012/2013"]
[Site "Fuerstenfeld"]
[Date "2013.04.19"]
[Round "9"]
[Board "6"]
[White "Heimberger, Reinhard"]
[Black "Titz, Heimo"]
[Result "1/2-1/2"]
[WhiteElo "2300"]
[BlackElo "2168"]
[PlyCount "97"]
[EventDate "2012.10.19"]
[EventType "team"]
[EventRounds "11"]
[EventCountry "AUT"]
[WhiteTeam "ASK St. Valentin"]
[BlackTeam "SC Die Klagenfurter"]

1. d4 Nf6 2. g3 c5 3. dxc5 Qa5+ 4. Bd2 Qxc5 5. Bg2 g6 6. e4 d6 7. Ne2 Bg7 8.
O-O Nc6 9. Nbc3 O-O 10. Be3 Qa5 11. h3 Rd8 12. Nd4 Nxd4 13. Bxd4 Be6 14. Ne2
Rac8 15. a4 a6 16. Bc3 Qc7 17. Nf4 Nd7 18. Nxe6 fxe6 19. Qg4 Nf8 20. Bxg7 Kxg7
21. Rac1 h5 22. Qd1 Qb6 23. Rb1 Nh7 24. e5 dxe5 25. Qe2 Nf6 26. c3 Rd6 27. Qxe5
Rcd8 28. c4 Qd4 29. Qxd4 Rxd4 30. Bxb7 Rxc4 31. b3 Rb4 32. Bxa6 Rdb8 33. Bc4
Ne4 34. Rbd1 Nc5 35. Rfe1 Nxb3 36. Bxe6 Nd4 37. Kg2 Kf6 38. Bd7 R8b7 39. Be8
Rb8 40. Bd7 R8b7 41. Be8 Rb8 42. Re4 e5 43. Bb5 Rb2 44. Rexd4 exd4 45. Rxd4 Rb6
46. h4 Ke5 47. Rf4 Rf6 48. Rxf6 Kxf6 49. Kf3 1/2-1/2

[Event "2. Bundesliga Mitte 2012/2013"]
[Site "Fuerstenfeld"]
[Date "2013.04.19"]
[Round "9"]
[Board "1"]
[White "Poetz, Florian"]
[Black "Velicka, Petr"]
[Result "1/2-1/2"]
[WhiteElo "2411"]
[BlackElo "2469"]
[PlyCount "89"]
[EventDate "2012.10.19"]
[EventType "team"]
[EventRounds "11"]
[EventCountry "AUT"]
[WhiteTeam "Schachklub Sparkasse Fuerstenfeld"]
[BlackTeam "SV Steyregg"]

1. e4 c6 2. d4 d5 3. exd5 cxd5 4. c4 Nf6 5. Nc3 Nc6 6. Bg5 Qa5 7. a3 dxc4 8.
Bxf6 exf6 9. Bxc4 Bd6 10. Nge2 O-O 11. O-O Qh5 12. Ng3 Qxd1 13. Raxd1 Rd8 14.
Rfe1 a6 15. Bd5 Be6 16. Bxe6 fxe6 17. Rxe6 Bxg3 18. hxg3 Nxd4 19. Re7 b5 20.
Kf1 f5 21. Rb7 Rd6 22. Re1 Rad8 23. Ree7 Ne6 24. Kg1 h5 25. Kh2 Kh7 26. Ne2 Kh6
27. Ra7 Rf8 28. Nc3 Rf6 29. Red7 Rxd7 30. Rxd7 Nc5 31. Rd5 Ne4 32. Nxe4 fxe4
33. Kg1 Rc6 34. b4 g6 35. Re5 Rc1+ 36. Kh2 Ra1 37. Rxe4 Rxa3 38. f4 Kg7 39. Re6
Ra4 40. Kh3 Rxb4 41. Rxa6 Rc4 42. Rb6 b4 43. Kh4 Kh6 44. Kh3 Kg7 45. Kh4
1/2-1/2

[Event "2. Bundesliga Mitte 2012/2013"]
[Site "Fuerstenfeld"]
[Date "2013.04.19"]
[Round "9"]
[Board "2"]
[White "Gergacz, Attila"]
[Black "Kuba, Guenter"]
[Result "1-0"]
[WhiteElo "2393"]
[BlackElo "2387"]
[PlyCount "69"]
[EventDate "2012.10.19"]
[EventType "team"]
[EventRounds "11"]
[EventCountry "AUT"]
[WhiteTeam "SV Steyregg"]
[BlackTeam "Schachklub Sparkasse Fuerstenfeld"]

1. e4 e5 2. Nf3 Nc6 3. Bc4 Bc5 4. c3 Nf6 5. d3 a6 6. O-O Ba7 7. h3 h6 8. Re1
O-O 9. Nbd2 Re8 10. Bb3 d5 11. exd5 Nxd5 12. d4 Na5 13. Nxe5 Nxb3 14. Nxb3 c6
15. Bd2 Be6 16. Nd3 Qf6 17. Nbc5 Bf5 18. Qf3 Bxd3 19. Qxf6 Nxf6 20. Nxd3 Ne4
21. Bf4 Rad8 22. Be5 Ng5 23. f4 Ne6 24. f5 Nf8 25. Bc7 Rc8 26. Bd6 Nd7 27. Kf2
Nf6 28. Kf3 Nd5 29. Rxe8+ Rxe8 30. Re1 Rxe1 31. Nxe1 b5 32. Nd3 f6 33. Ke4 Kf7
34. Nb4 Nxb4 35. cxb4 1-0

[Event "2. Bundesliga Mitte 2012/2013"]
[Site "Fuerstenfeld"]
[Date "2013.04.19"]
[Round "9"]
[Board "3"]
[White "Radnetter, Georg"]
[Black "Nemeth, Miklos"]
[Result "1/2-1/2"]
[WhiteElo "2278"]
[BlackElo "2446"]
[PlyCount "92"]
[EventDate "2012.10.19"]
[EventType "team"]
[EventRounds "11"]
[EventCountry "AUT"]
[WhiteTeam "Schachklub Sparkasse Fuerstenfeld"]
[BlackTeam "SV Steyregg"]

1. Nf3 Nf6 2. c4 b6 3. g3 Bb7 4. Bg2 e6 5. d4 Bb4+ 6. Bd2 Be7 7. O-O O-O 8. Nc3
d5 9. cxd5 exd5 10. Bf4 Re8 11. Ne5 Nbd7 12. Qb3 Nf8 13. Rad1 Ne6 14. Bc1 Bf8
15. e3 c6 16. Rfe1 Qc7 17. Qc2 Rad8 18. Bf1 Ng5 19. Bg2 c5 20. Nf3 Nge4 21.
Nxe4 dxe4 22. Nd2 Rc8 23. dxc5 Qe7 24. Nb3 bxc5 25. Bh3 Rc7 26. Bd2 Qe5 27. Ba5
Qh5 28. Bg2 Rcc8 29. Qe2 Qf5 30. Nd2 Qe6 31. Nc4 Nd5 32. a3 Ba6 33. b3 Nb6 34.
Bf1 Nxc4 35. bxc4 Rb8 36. Rb1 Be7 37. Qc2 h5 38. Rb3 h4 39. Reb1 Rbc8 40. Rc1
Bd6 41. Qe2 Qg6 42. Bh3 Rb8 43. Rcb1 Rxb3 44. Rxb3 Be5 45. Rb1 Qh6 46. Bd7 Rb8
1/2-1/2

[Event "2. Bundesliga Mitte 2012/2013"]
[Site "Fuerstenfeld"]
[Date "2013.04.19"]
[Round "9"]
[Board "4"]
[White "Enoeckl, Philipp"]
[Black "Schwarhofer, Christopher"]
[Result "0-1"]
[WhiteElo "2316"]
[BlackElo "2285"]
[PlyCount "60"]
[EventDate "2012.10.19"]
[EventType "team"]
[EventRounds "11"]
[EventCountry "AUT"]
[WhiteTeam "SV Steyregg"]
[BlackTeam "Schachklub Sparkasse Fuerstenfeld"]

1. d4 Nf6 2. c4 g6 3. Nc3 Bg7 4. e4 d6 5. Be2 O-O 6. Nf3 e5 7. O-O Nc6 8. d5
Ne7 9. Ne1 Ne8 10. Nd3 f5 11. f4 fxe4 12. Nxe4 Bf5 13. Ng5 h6 14. Ne6 Bxe6 15.
dxe6 e4 16. Nf2 Nf6 17. g4 c6 18. Be3 d5 19. Qd2 Qd6 20. g5 hxg5 21. fxg5 Ne8
22. Rad1 Qxe6 23. Bc5 b6 24. cxd5 Nxd5 25. Bg4 Rf5 26. Be3 Nd6 27. Rde1 Nc4 28.
Bxf5 gxf5 29. Qc1 Ndxe3 30. Rxe3 Bxb2 0-1

[Event "2. Bundesliga Mitte 2012/2013"]
[Site "Fuerstenfeld"]
[Date "2013.04.19"]
[Round "9"]
[Board "5"]
[White "Hatzl, Stefan"]
[Black "Wiesinger, Robert"]
[Result "0-1"]
[WhiteElo "2183"]
[BlackElo "2244"]
[PlyCount "100"]
[EventDate "2012.10.19"]
[EventType "team"]
[EventRounds "11"]
[EventCountry "AUT"]
[WhiteTeam "Schachklub Sparkasse Fuerstenfeld"]
[BlackTeam "SV Steyregg"]

1. e4 e5 2. Nf3 Nc6 3. Bc4 Bc5 4. c3 Nf6 5. d3 O-O 6. Bg5 h6 7. Bh4 Be7 8. Bb3
d6 9. Nbd2 Re8 10. h3 Nh5 11. Bxe7 Qxe7 12. g3 Be6 13. Bxe6 Qxe6 14. Nh4 Nf6
15. Qf3 Rad8 16. g4 d5 17. Nf5 dxe4 18. dxe4 Ne7 19. Rg1 Nxf5 20. gxf5 Qd6 21.
O-O-O Kh7 22. Rg3 Rg8 23. Qe2 a6 24. Nf3 Qxd1+ 25. Qxd1 Rxd1+ 26. Kxd1 Nxe4 27.
Rg2 f6 28. Ke2 Rd8 29. Rg4 Nd6 30. Nh4 Kg8 31. b3 Kf7 32. c4 Nc8 33. f4 h5 34.
Rg1 Rd4 35. Ng6 exf4 36. Kf3 Nd6 37. Nxf4 Nxf5 38. Nxh5 Rd2 39. Ke4 Re2+ 40.
Kxf5 Re5+ 41. Kf4 Rxh5 42. Rg3 Rh4+ 43. Kf3 f5 44. Kf2 Rd4 45. Ke2 Kf6 46. Rg1
g5 47. Rg3 f4 48. Rg4 Kf5 49. Rg1 Re4+ 50. Kf2 Re3 0-1

[Event "2. Bundesliga Mitte 2012/2013"]
[Site "Fuerstenfeld"]
[Date "2013.04.19"]
[Round "9"]
[Board "6"]
[White "Forstner, Joerg"]
[Black "Hatzl, Johannes"]
[Result "1/2-1/2"]
[WhiteElo "2127"]
[BlackElo "2125"]
[PlyCount "77"]
[EventDate "2012.10.19"]
[EventType "team"]
[EventRounds "11"]
[EventCountry "AUT"]
[WhiteTeam "SV Steyregg"]
[BlackTeam "Schachklub Sparkasse Fuerstenfeld"]

1. d4 d5 2. Nf3 e6 3. c4 c6 4. cxd5 exd5 5. Nc3 Nf6 6. Bg5 Be7 7. e3 O-O 8. Bd3
Re8 9. Qc2 Nbd7 10. O-O h6 11. Bh4 b6 12. Rac1 Bb7 13. Rfd1 Ne4 14. Bxe7 Qxe7
15. b4 a6 16. Qb2 Rec8 17. a4 a5 18. b5 c5 19. Qa3 Qf6 20. Bxe4 dxe4 21. Nd2
Qf5 22. Nc4 Qe6 23. d5 Qg6 24. Rd2 f5 25. Ne2 Qf6 26. Qc3 Rf8 27. Rcd1 Rad8 28.
Qxf6 Rxf6 29. Nc3 g5 30. d6 Kf7 31. Nd5 Bxd5 32. Rxd5 Ke6 33. Kf1 Rdf8 34. g3
f4 35. exf4 gxf4 36. g4 Rg8 37. h3 e3 38. Ke2 exf2 39. Kxf2 1/2-1/2

[Event "2. Bundesliga Mitte 2012/2013"]
[Site "Fuerstenfeld"]
[Date "2013.04.19"]
[Round "9"]
[Board "1"]
[White "Haba, Petr"]
[Black "Wittmann, Walter"]
[Result "1-0"]
[WhiteElo "2463"]
[BlackElo "2245"]
[PlyCount "67"]
[EventDate "2012.10.19"]
[EventType "team"]
[EventRounds "11"]
[EventCountry "AUT"]
[WhiteTeam "Spg. Grieskirchen/B.Schallerbach"]
[BlackTeam "Union Styria Graz"]

1. d4 d5 2. c4 e6 3. Nf3 Nf6 4. g3 dxc4 5. Bg2 Bd7 6. Ne5 Bc6 7. Nxc6 Nxc6 8.
O-O Qd7 9. e3 Nd5 10. Qe2 f5 11. Qxc4 h5 12. Nc3 O-O-O 13. Bd2 h4 14. Rfc1 hxg3
15. hxg3 g5 16. b4 Nb6 17. Qe2 Kb8 18. Nb5 e5 19. a4 exd4 20. Rxc6 bxc6 21.
Nxd4 Rh6 22. b5 c5 23. Nc6+ Rxc6 24. bxc6 Qd3 25. Qxd3 Rxd3 26. Be1 f4 27. a5
Nc8 28. Rb1+ Ka8 29. Bf1 Rd5 30. e4 Re5 31. f3 Nd6 32. Rd1 c4 33. Bxc4 fxg3 34.
Bd5 1-0

[Event "2. Bundesliga Mitte 2012/2013"]
[Site "Fuerstenfeld"]
[Date "2013.04.19"]
[Round "9"]
[Board "2"]
[White "Manhardt, Thomas"]
[Black "Kilgus, Georg"]
[Result "1/2-1/2"]
[WhiteElo "2152"]
[BlackElo "2400"]
[PlyCount "30"]
[EventDate "2012.10.19"]
[EventType "team"]
[EventRounds "11"]
[EventCountry "AUT"]
[WhiteTeam "Union Styria Graz"]
[BlackTeam "Spg. Grieskirchen/B.Schallerbach"]

1. e4 e5 2. Nf3 Nc6 3. Bb5 Nf6 4. O-O Nxe4 5. d4 Nd6 6. dxe5 Nxb5 7. a4 Nbd4 8.
Nxd4 Nxd4 9. Qxd4 d5 10. exd6 Qxd6 11. Qe3+ Qe7 12. Qd4 Qd6 13. Qe3+ Qe7 14.
Qd4 Qd6 15. Qe3+ Qe7 1/2-1/2

[Event "2. Bundesliga Mitte 2012/2013"]
[Site "Fuerstenfeld"]
[Date "2013.04.19"]
[Round "9"]
[Board "3"]
[White "Singer, Christoph"]
[Black "Pirker, Christian"]
[Result "1/2-1/2"]
[WhiteElo "2325"]
[BlackElo "2180"]
[PlyCount "61"]
[EventDate "2012.10.19"]
[EventType "team"]
[EventRounds "11"]
[EventCountry "AUT"]
[WhiteTeam "Spg. Grieskirchen/B.Schallerbach"]
[BlackTeam "Union Styria Graz"]

1. e4 c5 2. Nf3 d6 3. Bb5+ Nd7 4. d4 Ngf6 5. Nc3 cxd4 6. Qxd4 e5 7. Qd3 h6 8.
Be3 Be7 9. a4 O-O 10. h3 Qc7 11. O-O Nc5 12. Bxc5 Qxc5 13. Bc4 Be6 14. Bb3 a6
15. Rfe1 Nh5 16. Nd5 Bxd5 17. Qxd5 Qxd5 18. Bxd5 Rab8 19. g3 Rfc8 20. Bb3 Kf8
21. Nd2 Rc6 22. Nc4 g6 23. a5 Bd8 24. Red1 Ke7 25. Rd2 Nf6 26. f3 Rbc8 27. Ra4
Nd7 28. Rb4 Nc5 29. Ba2 Bc7 30. c3 Rf8 31. Kg2 1/2-1/2